Faculty of Law Library — Cairo University

Official Online Catalog

Regional Strategy For The Utilisation Of The Nubian Sandstone Aquifer System. (Record no. 72555)

MARC details
000 -LEADER
fixed length control field 01306nam a2200301 i 4500
003 - CONTROL NUMBER IDENTIFIER
control field EG-GICUC
005 - DATE AND TIME OF LATEST TRANSACTION
control field 20260421142647.0
008 - FIXED-LENGTH DATA ELEMENTS--GENERAL INFORMATION
fixed length control field 260421r2001 ua ||||fr|||| 000 0 eng d
040 ## - CATALOGING SOURCE
Original cataloging agency EG-GiCUC
Language of cataloging eng
Transcribing agency EG-GiCUC
Modifying agency EG-GiCUC
Description conventions rda
082 04 - DEWEY DECIMAL CLASSIFICATION NUMBER
Edition number 21
Classification number 341.762
Item number PR . R
092 04 - LOCALLY ASSIGNED DEWEY CALL NUMBER (OCLC)
Edition number 21
099 ## - LOCAL FREE-TEXT CALL NUMBER (OCLC)
Classification number Law1 11 341.762 PR . R 2001
110 ## - MAIN ENTRY--CORPORATE NAME
Corporate name or jurisdiction name as entry element Programme For The Development Of A Regional Strategy For The Utilisation Of The Nubian Sandstone Aquifer System
Relator term Author.
245 10 - TITLE STATEMENT
Title Regional Strategy For The Utilisation Of The Nubian Sandstone Aquifer System.
Number of part/section of a work Volume Iii:
Name of part/section of a work Ground Water Model/
Statement of responsibility, etc. Programme For The Development Of A Regional Strategy For The Utilisation Of The Nubian Sandstone Aquifer System.
264 01 - PRODUCTION, PUBLICATION, DISTRIBUTION, MANUFACTURE, AND COPYRIGHT NOTICE
Place of production, publication, distribution, manufacture Cairo:
Date of production, publication, distribution, manufacture, or copyright notice 2001.
300 ## - PHYSICAL DESCRIPTION
Extent 91 Pages;
Dimensions 24 cm.
336 ## - CONTENT TYPE
Source rda content
Content type term text
337 ## - MEDIA TYPE
Source rda media
Media type term Computer
338 ## - CARRIER TYPE
Source rda carrier
Carrier type term Online Resource
546 ## - LANGUAGE NOTE
Language note Text in English
650 1# - SUBJECT ADDED ENTRY--TOPICAL TERM
Topical term or geographic name entry element Public International Law
650 1# - SUBJECT ADDED ENTRY--TOPICAL TERM
Topical term or geographic name entry element Natural Resources -- Protection -- International Law
700 1# - ADDED ENTRY--PERSONAL NAME
Personal name Centre For Environment & Development For The Arab Region And Europe
Relator term Contributor
700 1# - ADDED ENTRY--PERSONAL NAME
Personal name International Fund For Agricultural Development
Relator term Contributor
856 40 - ELECTRONIC LOCATION AND ACCESS
Uniform Resource Identifier <a href="https://fll.law.cu.edu.eg/fulltext/bks/B11-09733.pdf">https://fll.law.cu.edu.eg/fulltext/bks/B11-09733.pdf</a>
905 ## - Cataloger and Reviser Names
Cataloger Name: Logain Ashraf
942 ## - ADDED ENTRY ELEMENTS (KOHA)
Source of classification or shelving scheme Dewey Decimal Classification
Koha item type Books
Edition 21
Suppress in OPAC No
Holdings
Withdrawn status Lost status Source of classification or shelving scheme Materials specified (bound volume or other part) Damaged status Not for loan Collection Home library Current library Date acquired Source of acquisition Total checkouts Full call number Barcode Date last seen Copy number Price effective from Koha item type
    Dewey Decimal Classification V3   Not for loan القانون الدولي العام جــــامعة القــاهرة مكتبة كلية الحقوق - المبنى الرئيسي 21.04.2026 إهداء مكتبة الأستاذ الدكتور صلاح عامر   Law1 11 341.762 PR . R 2001 1109733 C1 B11-09733 21.04.2026 1 21.04.2026 Books

© All rights reserved — Faculty of Law, Cairo University